000 00486nam a2200169 i 4500
001 95866
003 ES-MaACL
005 20230906181806.0
007 t|
008 050606s1969 sp ||||1| spa d
100 1 _aMacInnes, Helen.
_975228
245 1 0 _aEnlace en Salzburgo /
_cHelen Mac Innes; [traducción Baldomero Porta].
260 _aBarcelona :
_bBruguera,
_c1969.
300 _a366 p. ;
_c21 cm.
700 1 _aPorta, Baldomero.
_993173
852 _aES-MaACL
_jC-38923
_bR.72163
999 _c95866
_d95866